=LDR 00000nam 2200000 4500 =001 NUTBA000000000001686 =005 20140616131229.0 =006 =007 =008 =020 ##$$a 978-979-3027-82-1 =035 ##$$a 0010-051400000000151 =040 ##$$a INd =082 ##$$a 610.730 01 =090 ##$$a 610.730 01$bMub i =100 ##$$a Mubarak, Wahit Iqbal =245 ##$$a Ilmu keperawatan komunitas$bPengantar dan teori$cWahit iqbal mubarak =260 ##$$a Jakarta$bSalemba$c2009. =300 ##$$a Vii,338 Hlm$bIlus$c23 cm. =850 ##$$a NBPNMAT =990 ##$$a 21005272 =990 ##$$a 21196509/BPAP-NTB/2014 =990 ##$$a 21196510/BPAP-NTB/2014 =990 ##$$a 0001/BPAP-NTB/20142014